[Event "Foment Martinenc op-A 18th"]
[Site "Barcelona"]
[Date "2016.04.30"]
[Round "2"]
[White "Tomas Blanco, Joan"]
[Black "Asensio Linan, Teodoro"]
[Result "0-1"]
[WhiteElo "1700"]
[BlackElo "2103"]
[PlyCount "86"]
[EventDate "2016.04.23"]
[EventType "swiss"]
[EventRounds "9"]
[EventCountry "ESP"]
[SourceTitle "EXT 2017"]
[Source "ChessBase"]
[SourceDate "2016.10.25"]
[SourceVersion "1"]
[SourceVersionDate "2016.10.25"]
[SourceQuality "1"]

1. e4 e6 2. d4 d5 3. exd5 exd5 4. Nf3 Bd6 5. Bd3 Ne7 6. 0-0 Nbc6 7. c3 Bg4 8. Re1 Qd7 9. Bg5 f6 10. Bh4 g5 11. Bg3 Bxg3 12. fxg3 0-0-0 13. Nbd2 h5 14. b4 Nb8 15. Qc2 h4 16. gxh4 gxh4 17. a4 h3 18. g3 Nf5 19. b5 Rh5 20. a5 Rg8 21. Kf2 Qd6 22. Nf1 Nd7 23. b6 axb6 24. a6 bxa6 25. Rxa6 Nb8 26. Ra8 Qc6 27. Qa2 Nd6 28. Ne3 Be6 29. Nc2 Ne4+ 30. Kf1 Rf5 31. Re3 Rxf3+ 32. Rxf3 Nd2+ 33. Kf2 Nxf3 34. Kxf3 Qxc3 35. Qa6+ Kd7 36. Qa4+ Nc6 37. Ke3 Bf5 38. Rxg8 Qxd3+ 39. Kf2 Qd2+ 40. Kf3 Bxc2 41. Rg7+ Kd6 42. Qa3+ Nb4 43. Qa7 Bd1# 0-1